| 000 | 00609nam a2200217Ia 4500 | ||
|---|---|---|---|
| 003 | OSt | ||
| 005 | 20220928145708.0 | ||
| 006 | a|||||r|||| 00| 0 | ||
| 007 | ta | ||
| 008 | 220927b |||||||| |||| 00| 0 eng d | ||
| 024 | _a82046 | ||
| 037 | _cTextual | ||
| 040 |
_aSDCL _cSDCL _beng |
||
| 041 |
_2eng _aeng |
||
| 082 | _aV55y7N1x, M1 | ||
| 100 |
_aDonhoff Marion Tr. _9514132 |
||
| 245 | 0 |
_aFoe into friend _b The makers of the New Germany from Konard Adenauer to Helmut Schmidt. |
|
| 260 | _c1981 | ||
| 942 |
_hV55y7N1x, M1 _cTEXL _2CC |
||
| 999 |
_c834838 _d834838 |
||